Two-temperature model of gas combustion in a model burn device of the cylindrical form; Bulletin of the Tomsk Polytechnic University; Vol. 311, № 4 : Power engineering
| Parent link: | Bulletin of the Tomsk Polytechnic University/ Tomsk Polytechnic University (TPU).— , 2006-2007 Vol. 311, № 4 : Power engineering.— 2007.— [P. 24-30] |
|---|---|
| Main Author: | |
| Other Authors: | |
| Summary: | Заглавие с титульного листа Электронная версия печатной публикации The two-temperature model of gas combustion in a porous body of cylindrical heat-generator has been offered and numerically analyzed. Heat exchange between solid frame and gas; burning products interaction with heat-exchanger; distinction of diffusion speeds and heat conductivity in the gas phase are considered in the model. The influence of model parameters on characteristics of stationary modes of gas combustion for various heat exchange conditions of porous torch with heat exchanger is investigated. The results of numerical research do not contradict with observable laws that indicates the opportunity of model use for statement and solving the problem of work optimization of the real burning device. |
| Language: | English |
| Published: |
2007
|
| Series: | Power engineering |
| Subjects: | |
| Online Access: | http://www.lib.tpu.ru/fulltext/v/Bulletin_TPU/2007/v311eng/i4/05.pdf |
| Format: | MixedMaterials Electronic Book Chapter |
| KOHA link: | https://koha.lib.tpu.ru/cgi-bin/koha/opac-detail.pl?biblionumber=194165 |
MARC
| LEADER | 00000nla2a2200000 4500 | ||
|---|---|---|---|
| 001 | 194165 | ||
| 005 | 20240215112653.0 | ||
| 035 | |a (RuTPU)RU\TPU\book\211768 | ||
| 035 | |a RU\TPU\book\211765 | ||
| 090 | |a 194165 | ||
| 100 | |a 20110406d2007 k y0rusy50 ca | ||
| 101 | 1 | |a eng |c rus | |
| 102 | |a RU | ||
| 135 | |a drnn ---uucaa | ||
| 200 | 1 | |a Two-temperature model of gas combustion in a model burn device of the cylindrical form |f A. G. Knyazeva, Yu. A. Chumakov | |
| 203 | |a Text |c electronic | ||
| 215 | |a 1 файл (556 Кб) | ||
| 225 | 1 | |a Power engineering | |
| 300 | |a Заглавие с титульного листа | ||
| 300 | |a Электронная версия печатной публикации | ||
| 320 | |a [Bibliography: p. 30 (11 titles)] | ||
| 330 | |a The two-temperature model of gas combustion in a porous body of cylindrical heat-generator has been offered and numerically analyzed. Heat exchange between solid frame and gas; burning products interaction with heat-exchanger; distinction of diffusion speeds and heat conductivity in the gas phase are considered in the model. The influence of model parameters on characteristics of stationary modes of gas combustion for various heat exchange conditions of porous torch with heat exchanger is investigated. The results of numerical research do not contradict with observable laws that indicates the opportunity of model use for statement and solving the problem of work optimization of the real burning device. | ||
| 337 | |a Adobe Reader | ||
| 461 | 1 | |0 (RuTPU)RU\TPU\book\169973 |t Bulletin of the Tomsk Polytechnic University |f Tomsk Polytechnic University (TPU) |d 2006-2007 | |
| 463 | 1 | |0 (RuTPU)RU\TPU\book\200683 |t Vol. 311, № 4 : Power engineering |v [P. 24-30] |d 2007 |p 146 p. | |
| 610 | 1 | |a burning | |
| 610 | 1 | |a gas | |
| 610 | 1 | |a burners | |
| 610 | 1 | |a cylindrical forms | |
| 610 | 1 | |a two-temperature model | |
| 610 | 1 | |a porous body | |
| 610 | 1 | |a heat-generators | |
| 610 | 1 | |a heat exchange | |
| 610 | 1 | |a solid frames | |
| 610 | 1 | |a combustion products | |
| 610 | 1 | |a heat exchange | |
| 610 | 1 | |a diffusion | |
| 610 | 1 | |a heat conductivity | |
| 610 | 1 | |a gas phase | |
| 610 | 1 | |a parameters | |
| 610 | 1 | |a stationary modes | |
| 610 | 1 | |a numerical researches | |
| 610 | 1 | |a электронный ресурс | |
| 675 | |a 536.46 |v 3 | ||
| 700 | 1 | |a Knyazeva |b A. G. |c Russian physicist |c Professor of Tomsk Polytechnic University, doctor of physico-mathematical Sciences |f 1962- |g Anna Georgievna |3 (RuTPU)RU\TPU\pers\32712 |9 16597 | |
| 701 | 1 | |a Chumakov |b Yu. A. | |
| 801 | 1 | |a RU |b 63413507 |c 20090623 |g PSBO | |
| 801 | 2 | |a RU |b 63413507 |c 20141125 |g PSBO | |
| 856 | 4 | |u http://www.lib.tpu.ru/fulltext/v/Bulletin_TPU/2007/v311eng/i4/05.pdf | |
| 942 | |c CF | ||